| LEADER | 01206nam a2200217 a 4500 | ||
|---|---|---|---|
| 001 | GR-Patra16714 | ||
| 008 | 040116s1973 gr e 000 0 gre d | ||
| 040 | |a GrPaTEI |b gre |c GR-PaULI | ||
| 040 | |a GrPaTEI |b gre |c GR-PaULI | ||
| 082 | 0 | |a 551.01 |2 21 | |
| 100 | 1 | |a Αυγουστίδης, Σ. Σ. | |
| 245 | 1 | 0 | |a Εγχειρίδιον γενικής γεωλογίας : |b (Σημειώσεις εκ των παραδόσεων του καθηγητού κ. Σ. Σ. Αυγουστίδη) / |c Σ. Σ. Αυγουστίδης |n 2/ . |p Ενδογενετικαί διεργασίαι. |
| 260 | |a Αθήνα : |b [χ.ο.], |c 1973 | ||
| 300 | |a 262σ. | ||
| 504 | |a Βιβλιογραφία: σ.261-262 | ||
| 650 | 4 | |a ΓΕΩΛΟΓΙΑ | |
| 942 | |2 ddc | ||
| 952 | |0 0 |1 0 |2 ddc |4 0 |6 551_010000000000000_ΑΥΓ |7 0 |9 296335 |a LISK |b LISK |c BSC |d 2021-01-17 |e 24 |f 0 |g 0.00 |l 0 |o 551.01 ΑΥΓ |p 92410015481 |r 2021-01-17 00:00:00 |t 1 |w 2021-01-17 |y BK15 |x 20040116 0 1 |x GrPaTEI | ||
| 952 | |0 0 |1 0 |2 ddc |4 0 |6 551_010000000000000_ΑΥΓ |7 0 |9 296336 |a LISK |b LISK |c BSC |d 2021-01-17 |e 24 |f 0 |g 0.00 |l 0 |o 551.01 ΑΥΓ |p 92410015482 |r 2021-01-17 00:00:00 |t 1 |w 2021-01-17 |y BK15 |x 20040116 0 1 |x GrPaTEI | ||
| 971 | |a .b26642293 |b 15-04-20 |c 23-09-16 | ||
| 999 | |c 172726 |d 172726 | ||